000
00348nam a2200157Ia 4500
100
_a
Taur/Yuan/ Ning/T.N
650
_a
VLSI
942
_c
BK
366
_f
25
245
_a
Fundamentals of Modern VLSI Devices
260
_b
Cambridge University Press
_c
1998
082
_a
621.395
_b
TAU
300
_a
489
546
_a
ENGLISH
_c
TTL
999
_c
30122
_d
30122